Land Flagg med Ørner - Bilde Quiz - Statistics

General Stats
  • This quiz has been taken 92 times
  • The average score is 5 of 9
Answer Stats
land % Correct
Albania
93%
Mexico
73%
Egypt
68%
Moldova
58%
Montenegro
56%
Serbia
53%
Kasakhstan
41%
Zambia
34%
Zimbabwe
27%
No matching quizzes found
Score Distribution
Percent of People with Each Score
Percentile by Number Answered
Your Score History
You have not taken this quiz